Регионална библиотека "Любен Каравелов" - Русе

Художествено слово (Запис номер 198683)

MARC детайли
000 -Лидер
Контролно поле с фиксирана дължина 01578nam a2200373 c 4500
003 - Код на организацията, давaща контролен номер
Контролно поле BLK
005 - Дата и час на последна редакция
Контролно поле 20180421001234.0
008 - Елементи от данни с фиксирана дължина
fixed length control field 180411b bul|||||r ||||||| ||bul||
010 ## - Наследен системен номер
LC control number KNG00208033000
040 ## - Източник на каталожния запис
Идентификатор на билиотеката - собственик на записа BLK
041 ## - Код за език
Код за езика на текст/звукозапис или на отделно заглавие Български
Код за езика КДБФ Български
080 ## - УДК
Текстов определител УДК Българска литература
УДК код - определител по УДК 821.163.2
УДК определител -1(075.8)
УДК - код + определител 821.163.2-1(075.8)
080 ## - УДК
Текстов определител УДК Руска литература
УДК код - определител по УДК 821.161.1
УДК определител -1(075.8)
УДК - код + определител 821.161.1-1(075.8)
080 ## - УДК
Текстов определител УДК Литература на отделни езици и езикови семейства
УДК код - определител по УДК 821
УДК определител -1(075.8)
УДК - код + определител 821-1(075.8)
139 ## - Редно поле
Редна дума Художествено слово
Авторски знак Ху - Х 93
245 10 - Сведения за заглавието
Заглавие Художествено слово
Подзаглавни данни Христоматия [за студентите от ВИТИЗ Кр. Сарафов] : Ч. 1 -
Редно поле (дума) състав. Иван Лука Чипев; състав. Божидар Ангелов Матанов.
Том Ч. 1
250 ## - Област на изданието
Сведения за изданието 2. изд.
257 ## - Страна на издаване
Страна на създаване/издаване България
260 ## - Област на издателските данни
-- София
Име на издателя, разпространителя и проч. Наука и изкуство
Година на издаване 1990
Печатница Враца : В. Александров
300 ## - Физическа характеристика
Размери/Мащаб 22 см
380 ## - Жанр
Жанр Худож. лит.
653 ## - Ключова дума – ненормативна
Ключова дума стихотворения
653 ## - Ключова дума – ненормативна
Ключова дума поеми
653 ## - Ключова дума – ненормативна
Ключова дума балади
653 ## - Ключова дума – ненормативна
Ключова дума басни
700 1# - Други автори (авторска отговорност)
Лично име Чипев, Иван Лука
Автороска отговорност (Описва отношението между автора и произведението) състав.
9 (RLIN) 284478
700 1# - Други автори (авторска отговорност)
Лично име Матанов, Божидар Ангелов
Автороска отговорност (Описва отношението между автора и произведението) състав.
9 (RLIN) 284479
760 1# - Описание на основната серия
Издание 2. изд.
Страници - том 499 с.
Заглавие Ч. 1
852 ## - Местоположение
Форматна сигнатура Цб 162597
856 4# - Електронен адрес и достъп
Електронен формат pdf - файл
Път до файла /url/
856 4# - Електронен адрес и достъп
Електронен формат pdf - файл
Път до файла /url/
942 ## - АРТИКУЛИ
Вид на библиотечния материал Книги
Скрит в OPAC Не
944 ## - СЪЗДАВАНЕ И РЕДАКЦИЯ на ЗАПИСА
Създаване/Редакция Създаване
Дата на регистрацията/редакция 15.06.2017
Служител, извършил регистрацията/редакцията Теодора_Стоянова
944 ## - СЪЗДАВАНЕ И РЕДАКЦИЯ на ЗАПИСА
Създаване/Редакция Редакция
Дата на регистрацията/редакция 15.06.2017
Служител, извършил регистрацията/редакцията Теодора_Стоянова
999 ## - СИСТЕМНИ КОНТРОЛНИ НОМЕРА
Koha biblionumber 198683
Koha biblioitemnumber 198683
Наличности
Код за отписване Код за изгубен артикул Източник на класификационната схема Код за повреда Коз за рестрикции Код за отдаване Артикулен № Име на библиотеката - собственик Име на библиотеката, в която се намира в момента Статус (Текущо местоположение) Дата на вписване в системата Местоположение - отдел Цена в лева Инвентарен номер Систематично азбучна сигнатура Баркод Номер на екземпляра Цена в евро Служебна бележка Служебен тип на артикула
  Не е изгубен Universal Decimal Classification Не е повреден без рестрикции ползва се в читалня 345368 Регионална библиотека "Любен Каравелов" Русе Регионална библиотека "Любен Каравелов" Русе Хранилище 1990-01-01 Хранилище 2.36 533732 Цб 162597 120000533732 1 1.21 Дост: Dp Вид: Сф Дата: 01.01.1990 Книги
Изтеглен Не е изгубен Universal Decimal Classification Не е повреден без рестрикции заемане за дома 345369 Регионална библиотека "Любен Каравелов" Русе Регионална библиотека "Любен Каравелов" Русе Заемна - подръчен фонд 1990-01-01 Заемна - подръчен фонд 2.36 536204 П 886.7-1/Х 93 536204 2 1.21 Дост: Pk Вид: Сф Дата: 01.01.1990 Дата инв: 16.02.2018 Бележки инв: П2018 Книги
Vip Innovations Ltd, Rousse, Bulgaria 2025